Möglichkeit: über einen Grundbegriff der praktischen Philosophie und kritischen Gesellschaftstheorie

Cover -- Inhalt -- Danksagung -- Einleitung: Der historische Ort des Begriffs der Möglichkeit -- I. Die Aktualität des Begriffs der Möglichkeit -- II. Zur Entstehung des Begriffs der sozialen Möglichkeit -- III. Explikation des Begriffs der Möglichkeit -- IV. Wozu Möglichkeit? Der Zweck des Be...

Full description

Saved in:
Bibliographic Details
Main Author: Gantner, Gösta (Author)
Format: Book/Monograph Thesis
Language:German
Published: Bielefeld transcript [2021]
Series:Edition Moderne Postmoderne
Subjects:
Online Access:Aggregator, lizenzpflichtig: https://ebookcentral.proquest.com/lib/kxp/detail.action?docID=6521234
Get full text
Author Notes:Gösta Gantner

MARC

LEADER 00000cam a22000002c 4500
001 1752924347
003 DE-627
005 20240828230340.0
007 cr uuu---uuuuu
008 210331s2021 xx |||||om 00| ||ger c
020 |a 9783839455623  |9 978-3-8394-5562-3 
035 |a (DE-627)1752924347 
035 |a (DE-599)KEP062554875 
035 |a (EBL)EBL6521234 
035 |a (EBC)EBC6521234 
035 |a (DE-627-1)062554875 
040 |a DE-627  |b ger  |c DE-627  |e rda 
041 |a ger 
050 0 |a HM480 
072 7 |a B  |2 lcco 
072 7 |a HM  |2 lcco 
082 0 |a 111  |q SEPA 
082 0 |a 301.01  |q SEPA 
082 0 |a 100  |q DLC 
084 |a 10  |2 sdnb 
084 |a 10  |2 sdnb 
084 |a CC 7200  |q SEPA  |2 rvk  |0 (DE-625)rvk/17672: 
100 1 |a Gantner, Gösta  |d 1979-  |e VerfasserIn  |0 (DE-588)1074979826  |0 (DE-627)832797014  |0 (DE-576)443179573  |4 aut 
245 1 0 |a Möglichkeit  |b über einen Grundbegriff der praktischen Philosophie und kritischen Gesellschaftstheorie  |c Gösta Gantner 
264 1 |a Bielefeld  |b transcript  |c [2021] 
264 4 |c © 2021 
300 |a 1 online resource (340 Seiten) 
336 |a Text  |b txt  |2 rdacontent 
337 |a Computermedien  |b c  |2 rdamedia 
338 |a Online-Ressource  |b cr  |2 rdacarrier 
490 0 |a Edition Moderne Postmoderne 
500 |a Description based on publisher supplied metadata and other sources 
502 |b Dissertation  |c Goethe-Universität Frankfurt am Main 
520 |a Cover -- Inhalt -- Danksagung -- Einleitung: Der historische Ort des Begriffs der Möglichkeit -- I. Die Aktualität des Begriffs der Möglichkeit -- II. Zur Entstehung des Begriffs der sozialen Möglichkeit -- III. Explikation des Begriffs der Möglichkeit -- IV. Wozu Möglichkeit? Der Zweck des Begriffs in der Kritischen Theorie -- V. Das Ziel der Untersuchung: Entfaltung des Begriffs der Möglichkeit für eine Kritische Theorie der Gesellschaft -- VI. Die Etappen zum Begriff der sozialen Möglichkeit -- Teil 1: Entwicklung des Begriffs der Möglichkeit. Von Aristoteles zur Kritischen Theorie der Gesellschaft -- Vorbemerkung: Bedeutungsschichten des Möglichkeitsbegriffs -- I. Grundlegung: Möglichkeit als Kategorie der Logik, Naturphilosophie und Ontologie bei Aristoteles -- 1. Logische Möglichkeit, Notwendigkeit und Unmöglichkeit -- 2. Reale Möglichkeit und Wirklichkeit -- 3. Zum Zusammenhang von logischer Möglichkeit,Realmöglichkeit und Wirklichkeit -- II. Möglichkeit als Grundbegriff der praktischen Philosophie -- 1. Praktische Vermögen, Handlungsraumkontingenz und Freiheit bei Aristoteles -- 2. Der Begriff der Handlungsmacht, die Negation des Möglichkeitsgedankens und die Irrealität der Kontingenz bei Spinoza -- 3. Von praktischen zu sozialen Vermögen. Hegel über Arbeit und Vermögen in der bürgerlichen Gesellschaft -- III. Möglichkeit als gesellschaftstheoretischer Grundbegriff -- 1. Die Kritik der hegelschen Wirklichkeitskonzeption angesichts der Potentialität sozialer Verhältnisse bei Marx -- 2. Kritik der materialistischen Geschichtsauffassung. Weber und der Begriff der objektiven Möglichkeit in den Sozialwissenschaften -- 3. Retrospektive und prospektive Möglichkeit. Vorüberlegungen zur Kritischen Theorie -- Teil 2: Möglichkeit als Grundbegriff der Kritischen Theorie der Gesellschaft. 
650 0 |a Possibility  |2 DLC 
650 0 |a Critical theory  |2 DLC 
650 4 |a Electronic books 
650 4 |a Possibilité 
650 4 |a Théorie critique 
650 4 |a critical theories (dialectical critiques) 
650 4 |a critical theory (sociological concept) 
650 4 |a Critical theory 
650 4 |a Possibility 
650 4 |a dissertations 
650 4 |a Academic theses 
650 4 |a Academic theses 
650 4 |a Thèses et écrits académiques 
655 7 |a Hochschulschrift  |0 (DE-588)4113937-9  |0 (DE-627)105825778  |0 (DE-576)209480580  |2 gnd-content 
689 0 0 |d s  |0 (DE-588)4170344-3  |0 (DE-627)105403075  |0 (DE-576)209929561  |a Möglichkeit  |2 gnd 
689 0 1 |d s  |0 (DE-588)4005248-5  |0 (DE-627)106382365  |0 (DE-576)208859918  |a Begriff  |2 gnd 
689 0 2 |d s  |0 (DE-588)4047055-6  |0 (DE-627)106195921  |0 (DE-576)209072040  |a Praktische Philosophie  |2 gnd 
689 0 3 |d s  |0 (DE-588)4073840-1  |0 (DE-627)106091433  |0 (DE-576)209191619  |a Kritische Theorie  |2 gnd 
689 0 |5 DE-101 
751 |a Frankfurt am Main  |0 (DE-588)4018118-2  |0 (DE-627)106327356  |0 (DE-576)208922695  |4 uvp 
776 1 |z 9783837655629 
776 0 8 |i Erscheint auch als  |n Druck-Ausgabe  |a Gantner, Gösta, 1979 -   |t Möglichkeit  |d Bielefeld : transcript, 2021  |h 340 Seiten  |w (DE-627)1739097149  |z 9783837655629 
856 4 0 |u https://ebookcentral.proquest.com/lib/kxp/detail.action?docID=6521234  |m X:EBC  |x Aggregator  |z lizenzpflichtig 
912 |a ZDB-30-PQE 
912 |a BSZ-30-PQE-OA 
936 r v |a CC 7200  |b Abhandlungen  |k Philosophie  |k Systematische Philosophie  |k Ethik  |k Abhandlungen  |0 (DE-627)1270639072  |0 (DE-625)rvk/17672:  |0 (DE-576)200639072 
951 |a BO 
990 |a Kritische Theorie 
990 |a Praktische Philosophie 
990 |a Begriff 
990 |a Möglichkeit 
992 |a 20210503 
993 |a Book 
994 |a 2021 
998 |g 1074979826  |a Gantner, Gösta  |m 1074979826:Gantner, Gösta  |d 10000  |d 10200  |e 10000PG1074979826  |e 10200PG1074979826  |k 0/10000/  |k 1/10000/10200/  |p 1  |x j  |y j 
999 |a KXP-PPN1752924347  |e 3921729122 
BIB |a Y 
JSO |a {"note":["Description based on publisher supplied metadata and other sources"],"id":{"isbn":["9783839455623"],"eki":["1752924347"]},"origin":[{"publisher":"transcript","dateIssuedDisp":"[2021]","publisherPlace":"Bielefeld","dateIssuedKey":"2021"}],"language":["ger"],"title":[{"subtitle":"über einen Grundbegriff der praktischen Philosophie und kritischen Gesellschaftstheorie","title_sort":"Möglichkeit","title":"Möglichkeit"}],"person":[{"family":"Gantner","role":"aut","display":"Gantner, Gösta","given":"Gösta"}],"noteThesis":["Dissertation. - Goethe-Universität Frankfurt am Main"],"name":{"displayForm":["Gösta Gantner"]},"recId":"1752924347","physDesc":[{"extent":"1 online resource (340 Seiten)"}],"type":{"bibl":"thesis","media":"Online-Ressource"}} 
SRT |a GANTNERGOEMOEGLICHKE2021